Loading...
| Literature - American Literature | 3 | 2 | 0 | 0 | 65 | 48 | 72.40 | 3 | 5 |
| Literature - British Literature | 2 | 4 | 2 | 1 | 60 | 69 | 95.00 | 2 | 5 |
| History - American History | 1 | 3 | 1 | 2 | 40 | 62 | 104.25 | 1 | 3 |
| Literature - World Literature | 1 | 1 | 0 | 0 | 25 | 65 | 83.50 | 0 | 1 |
| Current Events | 0 | 2 | 0 | 0 | 20 | 103 | 115.50 | 0 | 1 |
| History - Other History | 1 | 1 | 1 | 0 | 20 | 56 | 84.00 | 1 | 1 |
| Religion | 0 | 2 | 0 | 0 | 20 | 65 | 98.50 | 1 | 1 |
| Science - Other Science | 0 | 2 | 0 | 1 | 20 | 111 | 123.50 | 1 | 1 |
| Mythology | 1 | 1 | 2 | 1 | 15 | 47 | 91.50 | 1 | 2 |
| Pop Culture | 0 | 2 | 1 | 0 | 15 | 129 | 133.50 | 1 | 1 |
| Philosophy | 0 | 1 | 0 | 0 | 10 | 116 | 116.00 | 0 | 1 |
| History - European History | 1 | 1 | 3 | 0 | 10 | 54 | 84.00 | 1 | 1 |
| Geography | 0 | 1 | 0 | 0 | 10 | 94 | 94.00 | 0 | 1 |
| Fine Arts - Visual Fine Arts | 1 | 0 | 2 | 0 | 5 | 63 | 63.00 | 0 | 1 |
| Literature - European Literature | 0 | 1 | 1 | 0 | 5 | 93 | 93.00 | 1 | 1 |
| Fine Arts - Other Fine Arts | 0 | 1 | 2 | 0 | 0 | 84 | 84.00 | 0 | 1 |
| Social Science | 0 | 1 | 2 | 0 | 0 | 93 | 93.00 | 0 | 1 |
| Science - Biology | 0 | 0 | 1 | 0 | -5 | 0.00 | 0 | 0 | |
| Fine Arts - Auditory Fine Arts | 0 | 0 | 1 | 0 | -5 | 0.00 | 0 | 0 | |
| History - World History | 0 | 1 | 3 | 0 | -5 | 93 | 93.00 | 0 | 1 |